On This Day: February 24th Quiz Stats

Quiz Updated Feb 21, 2018

Challenge
Share
Tweet
Embed
Score 0/7 Timer 03:00
1 Play Today
Question Answer Wrong Answers
This populist Argentine president, known for his authoritarian measures and his immensely popular wife, is elected for the first time.
1946
Juan Domingo Perón
88.1%
Luis Sáenz Peña
3.6%
Victorino de la Plaza
2.5%
Héctor José Cámpora
3%
This American comedic actor, known for his role on 'The Andy Griffith Show', dies.
2006
Don Knotts
75.6%
Dennis Weaver
4.3%
Jerry Lewis
10.9%
Benny Hill
6.2%
This US President is the first ever to be impeached.
1868
Andrew Johnson
62%
Andrew Jackson
20.5%
James Garfield
9.6%
Franklin Pierce
6.2%
Pope Gregory XIII introduces the Gregorian calendar. His primary motivation was to stop the calendar drift of which holiday from its original celebration date?
1582
Easter
52.2%
Christmas
36.1%
All Saints' Day
6.5%
Epiphany
4.8%
This opera, the first of its kind that is still regularly performed, makes its premiere in Mantua, Italy.
1607
L'Orfeo
52.2%
Dafne
13.8%
Giasone
10.5%
Giulio Cesare
22.3%
This US Fleet Admiral, who commanded all Allied units in the Pacific theater in World War II, is born.
1885
Chester W. Nimitz
45.5%
William L. Calhoun
3.3%
Dwight D. Eisenhower
13.3%
Douglas MacArthur
35.4%
The last and most severe period of Roman persecution of Christians and other religious minorities begins following an edict by this emperor.
303
Diocletian
31%
Galerius
6%
Nero
55.7%
Maxentius
7.2%

Today's Daily Dose

Word Ladder
Paul Newman

On This Day
April 21st II

You're not logged in!

Compare scores with friends on all Sporcle quizzes.
Sign Up with Email
OR
Log In

You Might Also Like...

Show Comments

Extras

Top Quizzes Today


Score Distribution

Your Account Isn't Verified!

In order to create a playlist on Sporcle, you need to verify the email address you used during registration. Go to your Sporcle Settings to finish the process.

Report this User

Report this user for behavior that violates our Community Guidelines.

Details: